<?xml version="1.0" encoding="UTF-8"?>
<collection xmlns="http://www.loc.gov/MARC21/slim">
<record>
  <controlfield tag="001">165488</controlfield>
  <controlfield tag="005">20260306152058.0</controlfield>
  <datafield tag="024" ind1="7" ind2=" ">
    <subfield code="2">doi</subfield>
    <subfield code="a">10.32029/2695-9569.00.08.2020</subfield>
  </datafield>
  <datafield tag="024" ind1="8" ind2=" ">
    <subfield code="2">sideral</subfield>
    <subfield code="a">146484</subfield>
  </datafield>
  <datafield tag="037" ind1=" " ind2=" ">
    <subfield code="a">ART-2020-146484</subfield>
  </datafield>
  <datafield tag="041" ind1=" " ind2=" ">
    <subfield code="a">spa</subfield>
  </datafield>
  <datafield tag="100" ind1=" " ind2=" ">
    <subfield code="a">Jarne Muñoz, Pablo</subfield>
    <subfield code="u">Universidad de Zaragoza</subfield>
    <subfield code="0">(orcid)0000-0002-6389-6858</subfield>
  </datafield>
  <datafield tag="245" ind1=" " ind2=" ">
    <subfield code="a">De nuevo sobre la problemática valoración del daño en las catástrofes aéreas. A propósito de los primeros pronunciamientos del Tribunal Supremo en relación con el accidente de Spanair de 20 de agosto de 2008</subfield>
  </datafield>
  <datafield tag="260" ind1=" " ind2=" ">
    <subfield code="c">2020</subfield>
  </datafield>
  <datafield tag="506" ind1="0" ind2=" ">
    <subfield code="a">Access copy available to the general public</subfield>
    <subfield code="f">Unrestricted</subfield>
  </datafield>
  <datafield tag="520" ind1="3" ind2=" ">
    <subfield code="a">Es de sobra conocido que el transporte aéreo es uno de los medios más seguros a disposición del viajero a la hora de desplazarse. No obstante, los accidentes aéreos ocurren cada cierto tiempo y, cuando esto sucede, son muchos los interrogantes que surgen todavía en la actualidad, particularmente en relación con la determinación del daño. Este trabajo analiza las primeras Sentencias dictadas por el Tribunal Supremo en relación con el accidente de Spanair acaecido en el año 2008. Como se verá a lo largo de las siguientes páginas, esto implicará, entre otras cuestiones, abordar la determinación de las indemnizaciones procedentes, la aplicación de instrumentos ajenos al transporte aéreo como el Baremo del texto refundido de la Ley sobre Responsabilidad Civil y Seguro en la Circulación de Vehículos a Motor a accidentes aéreos o la hipotética procedencia de aplicar las previsiones contenidas en el art. 20 de la Ley de Contrato de Seguro.

It is well known that air transport is one of the safest means available to the traveler when traveling. However, air accidents do occur from time to time and when this happens there are many questions that still arise today, particularly in relation to the determination of damage. This work analyzes the first Judgments issued by the Supreme Court in relation to the Spanair accident that occurred in 2008. As will be seen throughout the following pages, this will involve, among other issues, addressing the determination of the appropriate compensation, the application of instruments other than air transport such as the scale of the consolidated text of the of the Motor Vehicles Civil Liability and Insurance Act to air accidents or the hypothetical convenience of applying the provisions contained in art. 20 of the Insurance Contract Act.</subfield>
  </datafield>
  <datafield tag="540" ind1=" " ind2=" ">
    <subfield code="9">info:eu-repo/semantics/openAccess</subfield>
    <subfield code="a">by-nc</subfield>
    <subfield code="u">https://creativecommons.org/licenses/by-nc/4.0/deed.es</subfield>
  </datafield>
  <datafield tag="655" ind1=" " ind2="4">
    <subfield code="a">info:eu-repo/semantics/article</subfield>
    <subfield code="v">info:eu-repo/semantics/publishedVersion</subfield>
  </datafield>
  <datafield tag="710" ind1="2" ind2=" ">
    <subfield code="1">4003</subfield>
    <subfield code="2">165</subfield>
    <subfield code="a">Universidad de Zaragoza</subfield>
    <subfield code="b">Dpto. Derecho de la Empresa</subfield>
    <subfield code="c">Área Derecho Mercantil</subfield>
  </datafield>
  <datafield tag="773" ind1=" " ind2=" ">
    <subfield code="g">0 (2020), 309-323</subfield>
    <subfield code="p">Rev. derecho sist. financ.</subfield>
    <subfield code="t">Revista de derecho del sistema financiero</subfield>
    <subfield code="x">2695-9534</subfield>
  </datafield>
  <datafield tag="856" ind1="4" ind2=" ">
    <subfield code="s">250192</subfield>
    <subfield code="u">http://zaguan.unizar.es/record/165488/files/texto_completo.pdf</subfield>
    <subfield code="y">Versión publicada</subfield>
  </datafield>
  <datafield tag="856" ind1="4" ind2=" ">
    <subfield code="s">1778416</subfield>
    <subfield code="u">http://zaguan.unizar.es/record/165488/files/texto_completo.jpg?subformat=icon</subfield>
    <subfield code="x">icon</subfield>
    <subfield code="y">Versión publicada</subfield>
  </datafield>
  <datafield tag="856" ind1="4" ind2="1">
    <subfield code="u">https://pasquin.uv.es/index.php/RDSFin/issue/view/1935</subfield>
    <subfield code="z">Texto completo de la revista</subfield>
  </datafield>
  <datafield tag="909" ind1="C" ind2="O">
    <subfield code="o">oai:zaguan.unizar.es:165488</subfield>
    <subfield code="p">articulos</subfield>
    <subfield code="p">driver</subfield>
  </datafield>
  <datafield tag="951" ind1=" " ind2=" ">
    <subfield code="a">2026-03-06-15:18:52</subfield>
  </datafield>
  <datafield tag="980" ind1=" " ind2=" ">
    <subfield code="a">ARTICLE</subfield>
  </datafield>
</record>
</collection>